000 00367nam a2200145Ia 4500
008 230312s9999||||xx |||||||||||||| ||und||
020 _a90-6764-351-3
082 _a621.382
_bSHE-M
100 _aShevlyakov;Georgy
245 0 _aModern probability and statistics
260 _bPearson
_aindia
_c2002
300 _a308
650 _aEngineering
_vAvionics
942 _cBK
999 _c12434
_d12434